000 00208nam a22000857a 4500
008 170614b xxu||||| |||| 00| 0 eng d
100 _93382
_aLeen T
245 _aDiscovery world - 6
260 _aNew Delhi
_bPCB
_c2009
999 _c6736
_d6736